000 00288nam a22001217a 4500
020 _a0-07-054627-4
082 _a658.403 SAN'C
100 _aBIRKIN, S.J,SANDERS, D.H
_975044
245 _aCOMPUTER AND MANAGEMENT
260 _aNEWYORK
_bMCGRAW HILL
_c1980
300 _a490P
942 _cBK
999 _c580536
_d580536